Managing human resources in small and mid-sized companies

Αποθηκεύτηκε σε:
Λεπτομέρειες βιβλιογραφικής εγγραφής
Κύριος συγγραφέας: Arthur, Diane
Μορφή: Βιβλίο
Γλώσσα:English
Δημοσίευση: New York : Amacom, c1995
Έκδοση:2nd ed.
Θέματα:
Ετικέτες: Προσθήκη ετικέτας
Δεν υπάρχουν, Καταχωρήστε ετικέτα πρώτοι!

MARC

LEADER 00000nam a2200000 i 4500
001 1/55567
008 980415s1995 eng d
020 |a 0814402771 
035 |l 10027872 
040 |a GR-MY-UA  |b gre  |e aacr 
041 0 |a eng 
082 0 |a 658.3 
100 1 |a Arthur, Diane. 
245 1 0 |a Managing human resources in small and mid-sized companies /  |c Diane Arthur 
250 |a 2nd ed. 
260 |a New York :   |b Amacom,   |c c1995 
300 |a xiii, 338 σ. 
504 |a Περιλαμβάνει ευρετήριο 
650 0 0 |a Personnel management. 
650 0 0 |a Small business  |x Personnel management. 
852 |a INST  |b CHIOS  |e 19980415  |h 658.3 ART  |p 005200009528  |q 005200009528  |t BK  |y 0 
901 |a BIBL-1998-1 
909 |a Χ  |b 054360